Miasta partnerskie Łomży (z mapą i podpowiedziami) - Statystyki

Ogólne statystyki
  • Ten quiz został rozwiązany 26 razy
  • Średni wynik to 3 z 19
Odpowiedzi na mapie
Odpowiedzi zakodowano w zielono-czerwonej skali na mapie do tego quizu, zgodnie z poniższymi procentami.
 
Statystyki odpowiedzi
Kraj Region Liczba ludności Wskazówka Nazwa Źródła % Poprawnych
Estonia Prowincja Harju 438 tyś. Stolica państwa Tallinn 2, 8
88%
Litwa Okręg kowieński 289 tyś. Dawna stolica Litwy Kowno / Kaunas 2, 8
75%
Palestyna Zachodni Brzeg 31 tyś. Miasto znane z Biblii, mieści się tam jedno z najważniejszych chrześcijańskich sanktuariów Betlejem 21
33%
Polska Województwo śląskie 36 tyś. Miasto o dwuwyrazowej nazwie, powstałe w 1951 z połączenia dwóch wsi na Śląsku Cieszyńskim; do 2020 działała tam ostatnia w Polsce fabryka zapałek; największe miasto niepowiatowe na terytorium gminy miejsko-wiejskiej w Polsce Czechowice-Dziedzice 1, 2, 3, 7, 11, 12, 15, 22
25%
Rosja Republika Tatarstanu 1.257 tyś. Te miasto słynie ze swojego kremla, na którym prawosławna katedra stoi tuż obok meczetu. Kazań 2
25%
Ukraina Obwód żytomierski 56 tyś. Miasteczko o tej samej nazwie - ze znanym skansenem - leży ok. 15 km na płn. zach. od Łomży Nowogród Wołyński 1, 2, 3, 4, 8, 9, 10, 15, 22
17%
Litwa Okręg wileński 7 tyś. Polacy stanowią >70% tego miasteczka położonego przy białoruskiej granicy - jest to (po Ejszyszkach) "najbardziej polskie" miasto na Litwie Soleczniki / Šalčininkai 1, 2, 3, 4, 6, 7, 8, 10, 21, 22, 24
13%
Rosja Obwód kaliningradzki 28 tyś. Po II WŚ Rosjanie zmienili nazwę tego miasta z niemieckiego "Gumbinnen" na nazwisko radzieckiego bohatera wojskowego Gusiew / Gąbin 1, 7, 16, 17, 21
8%
Białoruś Obwód mohylewski 33 tyś. Miasto o tej samej nazwie co nazwisko słynnego modernistycznego rosyjskiego pisarza epoki "srebrnego wieku" - inicjatora socrealizmu w literaturze Horki / Gorki 1, 7, 15
8%
Białoruś Obwód grodzieński 102 tyś. drugie po Grodnie miasto obwodu; ok. 35 % mieszkańców to Polacy Lida 1, 3, 4, 21
8%
USA Stan Iowa 23 tyś. Ksywę "perła nad Mississppi" miasto zawdzięcza miejscowemu przemysłowi perłowych guzików; jego nazwa pochodzi prawdopodobnie od plemienia indian Mascouten / Mascoutin Muscatine 1, 2, 3, 4, 6, 8, 18
8%
Szwecja Region Sztokholmu 10 tyś. Miasteczko o ponad 1000-letniej historii: założone ok. 980 r. przez króla Szwedów Eryka Zwycięskiego, centrum wczesnego państwa szwedzkiego, uchodzi dziś (obok miasta Lund) za jedno z dwóch najstarszych jeszcze istniejących miast Szwecji Sigtuna 1, 2, 3, 4, 6, 8, 23
8%
Ukraina Obwód iwanofrankiwski 61 tyś. Centrum kultury huculskiej (ukraińskich górali) położone w historycznej krainie "Pokucie" Kołomyja 1, 3, 4, 6, 7, 22
4%
Bułgaria Obwód Wielkie Tyrnowo 12 tyś. W średniowieczu to miasto było zamieszkałe przez chrześcijańską sektę Paulicjan - stąd nazwano je "Paulicani" - dzsiejsza zesłowiańszczona nazwa jest podobna Pavlikeni 1, 3, 4, 10, 19, 20, 21 22
4%
Serbia Prowincja Autonomiczna Wojwodiny 142 tyś. Najbardziej na płn. wysunięte miasto Serbii Subotica 1, 3, 4
4%
Ukraina Obwód lwowski 34 tyś. Te miasto leży w największym Zagłębiu Naftowym II RP i dzisiejszej zach. Ukrainy; istnieje (rzadkie) słowiańskie imię na -sław o tej samej nazwie Borysław 1, 10, 13, 14, 22
0%
Czechy Kraj pilzneński 5 tyś. W czasie II WŚ istniał tu (obok obozów dla jeńców i fabryki amunicji opierającej się na pracy przymusowej) niemiecki obóz koncentracyjny dla kobiet - został on wyzwolony 5 maja 1945 przez Brygadę Świętokrzyską NSZ Holýšov 1, 25
0%
Bułgaria Obwód Stara Zagora 47 tyś. Miasto te - leżące w Dolinie Róż wśród różanych pól - cieszy się światową sławą poprzez produkcję kwiatów oraz olejku różanego i z corocznego festiwalu róż; w mieście znajduje się też tracki kurhan - wpisany na listę UNESCO Kazanłyk 21, 26
0%
Szwecja Region Sztokholmu 74 tyś. Miasto znane zarówno jako siedziba firmy Scania jak też z dużej liczby chrześcijańskich uchodźców z Iraku (35% ludności) Södertälje 1, 2, 5, 8, 23
0%
Nie znaleziono quizów pasujących do podanych kryteriów
Rozkład punktacji
Procent ludzi z każdym wynikiem
Percentyl według liczby udzielonych odpowiedzi
Twoja historia wyników
Nie rozwiązałeś tego quizu